Streamers y Youtubers Hispanos - Estadísticas

Estadísticas generales
  • Esta prueba ha sido intentada 449 veces
    442 desde el último reinicio
  • La puntuación promedio es 23 de 128
Estadísticas de respuestas
Hint Respuesta % Correcto
7 Rubius
87%
10 Ibai Llanos
86%
8 Auronplay
85%
1 Vegetta777
69%
11 Juansguarnizo
68%
2 Willyrex
67%
16 AriGameplays
64%
9 TheGrefg
62%
99 IlloJuan
56%
41 German Garmendia
54%
5 Alexby11
52%
26 ElSpreen
46%
33 Luzu
46%
4 Mangel
43%
49 El Xokas
42%
102 DjMariio
41%
21 Fernanfloo
41%
67 sTaXx
40%
23 biyin
38%
17 ElMariana
38%
18 IamCristinini
37%
70 aXoZer
34%
3 xFaRgAnx
34%
27 Perxitaa
33%
28 Ampeterby7
32%
12 elded
30%
51 Karchez
30%
20 LOLITOFDEZ
29%
79 Pol
29%
32 Reborn
29%
6 Aroyitt
27%
43 Carola
26%
72 Wismichu
26%
14 Coscu
25%
60 Jordi Wild
24%
125 Reven
24%
15 Robleis
24%
37 Mayichi
23%
71 Folagor
22%
44 Nia
22%
88 Ander
21%
89 BarbeQ
21%
64 DalasReview
21%
80 Komanche
20%
81 8cho
19%
78 Gema
19%
65 Knekro
19%
117 MikeCrack
19%
53 Mister Jagger
19%
126 Luisito Comunica
18%
75 xTheFocusx
18%
13 Sergio Aguero
17%
66 Vicens
17%
48 VioletaG
16%
90 AgenteMaxo
14%
83 Imantado
14%
91 Orslok
13%
55 paracetamor
12%
58 Pato
12%
74 Zorman
12%
30 BarcaGamer
11%
59 Momonkun
11%
57 Tanizen
11%
84 xCRY
10%
96 Cheeto
9%
22 MissaSinfonia
9%
24 Staryuuki
9%
87 Werlyb
9%
86 ElmiilloR
7%
123 iTownGameplay
7%
112 Zeling
7%
116 Bokeron
6%
54 Deqiuv
6%
46 Destri
6%
76 Jacky
6%
40 Jesusseron
6%
63 NexxuzHD
6%
92 Revenant
6%
34 RobertoCein
6%
101 Silithur
6%
118 Trollino
6%
19 Jelty
5%
25 LITkillah
5%
93 MenosTrece
5%
127 Alec Molon
4%
100 Angelysaras
4%
122 BersGamer
4%
56 Betra
4%
106 Dylantero
4%
95 Elvisa
4%
38 Hernybreak
4%
39 Lexosi
4%
69 Llobeti
4%
120 Luh
4%
29 PapoMC
4%
128 Paula Gonu
4%
115 Sisi
4%
108 Alkapone
3%
36 Arsilex
3%
97 Chuso
3%
62 Didac Ribot
3%
52 Genesis
3%
73 Lyna
3%
68 MarkiLokuras
3%
31 MarkitoNavaja
3%
98 Outconsumer
3%
103 Sarinha
3%
85 SugusSusana
3%
45 Braxxter
2%
124 Malcaide
2%
110 Ocelote
2%
35 Sr Elemao
2%
105 Th3Antonio
2%
61 Tiparraco
2%
42 elyas
1%
82 Josecristo
1%
77 Laura Escanes
1%
121 Missandie
1%
119 SParta356
1%
111 Taeschnee
1%
104 Tense
1%
47 Variko
1%
94 BuckFdez
0%
107 Collifegame
0%
114 Eddisplay
0%
109 Elisuri
0%
50 Kmanu
0%
113 Serpiente
0%
No se encontraron pruebas coincidentes
Distribución de puntuación
Porcentaje de gente con cada puntuación
Porcentaje por número respondido
Historial de tus puntuaciones
No has intentado esta prueba desde el último reinicio